000 00665nam a2200169Ia 4500
008 090711s9999 xx 000 0 und d
082 _b15418
100 _aअदवंत म. ना. / कुलकर्णी भीमराव (संपा.)
245 _aगद्यप्रासाद
260 _c1964
300 _a184
600 _aअदवंत म. ना. / कुलकर्णी भीमराव (संपा.)
630 _aगद्यप्रासाद
700 _aअदवंत म. ना. / कुलकर्णी भीमराव (संपा.)
730 _aगद्यप्रासाद
942 _cBOOK
999 _c315299
_d315299